Central Library and Information Centre
Sibsagar Girls' College, Sivasagar : Assam

RAJNITI BIGYAN (Record no. 9062)

MARC details
000 -LEADER
fixed length control field 00442cam a2200193ua 4500
008 - FIXED-LENGTH DATA ELEMENTS--GENERAL INFORMATION
fixed length control field 160226n II |||gr||||Z||||||asm
040 ## - CATALOGING SOURCE
Original cataloging agency MAIN
041 ## - LANGUAGE CODE
-- English
082 ## - DEWEY DECIMAL CLASSIFICATION NUMBER
Classification number 320 DIB
100 ## - MAIN ENTRY--PERSONAL NAME
Personal name DIBRUGARH UNIVERSITY .
245 ## - TITLE STATEMENT
Title RAJNITI BIGYAN
250 ## - EDITION STATEMENT
Edition statement 2ND.
260 ## - PUBLICATION, DISTRIBUTION, ETC.
Place of publication, distribution, etc. [s.l:
Name of publisher, distributor, etc. s.n.]
Date of publication, distribution, etc. 1974.
300 ## - PHYSICAL DESCRIPTION
Dimensions 20CM.
700 ## - ADDED ENTRY--PERSONAL NAME
Personal name DIBRUGARH UNIVERSITY .,
Relator term Author.
942 ## - ADDED ENTRY ELEMENTS (KOHA)
Koha item type Books
653 ## - INDEX TERM--UNCONTROLLED
Uncontrolled term Political science
Holdings
Withdrawn status Lost status Damaged status Not for loan Collection code Home library Current library Shelving location Date acquired Full call number Barcode Date last seen Copy number Price effective from Koha item type
        TBPSC Central Library and Information Centre Sibsagar Girls College Central Library and Information Centre Sibsagar Girls College Political Science Rack 04.02.1984 320 DIB 08335 27.02.2020 1 27.02.2020 Books
        TBPSC Central Library and Information Centre Sibsagar Girls College Central Library and Information Centre Sibsagar Girls College Political Science Rack 04.02.1984 320 DIB 08336 27.02.2020 2 27.02.2020 Books
        TBPSC Central Library and Information Centre Sibsagar Girls College Central Library and Information Centre Sibsagar Girls College Political Science Rack 04.02.1984 320 DIB 08337 27.02.2020 3 27.02.2020 Books
        TBPSC Central Library and Information Centre Sibsagar Girls College Central Library and Information Centre Sibsagar Girls College Political Science Rack 04.02.1984 320 DIB 08338 27.02.2020 4 27.02.2020 Books
        TBPSC Central Library and Information Centre Sibsagar Girls College Central Library and Information Centre Sibsagar Girls College Political Science Rack 04.02.1984 320 DIB 08339 27.02.2020 5 27.02.2020 Books


Sibsagar Girl's College © 2020. All rights reserved.
Powered by Koha.
Maintained by Abhijit Borpuzari.